000
00355nam a2200145Ia 4500
008
151213s9999 xx 000 0 und d
100
_a
Toel Spring
245
_a
America Education
_c
Toel Spring
260
_a
Boston
_b
Mc Graw Hill
_c
II
300
_a
2074 p.
650
_a
Education America
650
_a
Reference
700
_a
Toel Spring
999
_c
1525
_d
1525